Normal view
MARC view
Entry Personal Name
001 - CONTROL NUMBER
- control field: 41081
003 - CONTROL NUMBER IDENTIFIER
- control field: OSt
005 - DATE AND TIME OF LATEST TRANSACTION
- control field: 20160227165017.0
008 - FIXED-LENGTH DATA ELEMENTS
- fixed length control field: 160227|| aca||aabn | a|a d
040 ## - CATALOGING SOURCE
- Original cataloging agency: OSt
- Transcribing agency: OSt
100 ## - HEADING--PERSONAL NAME
- Personal name: सन्तोष कुमार शर्मा
670 ## - SOURCE DATA FOUND
- Source citation: Work cat.: (OSt)28030: सन्तोष कुमार शर्मा , संस्कृति के चार अध्यान , 1982









